00950nam a2200277 a 450000100060000000300080000600500170001400800410003103500190007204000320009104100080012308200250013110000220015624500810017825000120025926000460027130000350031735000090035249000460036150000180040765000290042585600460045494200120050099900170051295201430052951085BD-RjUL20211209075616.0160829s1946 enka b 001 0 eng  a(BD-RjUL)51205 aDLCcDLCdDLCdBD-RjULbeng aeng00a515.63223bHAI 196710aHague, B.915281813aAn introduction to vector analysis for physicists and engineers /c B. Hague a3rd ed. aLondon :bMethuen,c1946 [reprinted 1967] aviii, 121 p. :bill. ;c19 cm. a40/-0 aMethuen's monographs on physical subjects ainclude index 0aVector analysis.9152819 3Methuen's monographs on physical subjects 2ddccBK c51085d51085 00102ddc40708NFICaRUCLbRUCLcStackd1967-12-08eBook view daccag13.00l0o515.63 HAI 1967r2016-08-29 00:00:00tC-2w2021-12-09yBK